| 000 | 01762nam a2200433Ia 4500 | ||
|---|---|---|---|
| 001 | ebr10266344 | ||
| 003 | CaPaEBR | ||
| 006 | m u | ||
| 007 | cr cn||||||||| | ||
| 008 | 081027s2008 sz a sb 000 0 eng d | ||
| 020 | _z9789241563604 | ||
| 020 | _z9241563605 | ||
| 040 |
_aCaPaEBR _cCaPaEBR |
||
| 035 | _a(OCoLC)567939881 | ||
| 050 | 1 | 4 |
_aTD196.C45 _bS56 2008eb |
| 245 | 0 | 0 |
_aSkin sensitization in chemical risk assessment _h[electronic resource]. |
| 260 |
_aGeneva, Switzerland : _bWorld Health Organization, _cc2008. |
||
| 300 |
_aiv, 85 p. : _bill. |
||
| 490 | 1 |
_aHarmonization Project document ; _vno. 5 |
|
| 500 | _a"IPCS International Programme on Chemical Safety". | ||
| 504 | _aIncludes bibliographical references. | ||
| 533 |
_aElectronic reproduction. _bPalo Alto, Calif. : _cebrary, _d2011. _nAvailable via World Wide Web. _nAccess may be limited to ebrary affiliated libraries. |
||
| 650 | 0 |
_aChemicals _xPhysiological effect. |
|
| 650 | 0 |
_aChemicals _xRisk assessment. |
|
| 650 | 0 | _aSkin tests. | |
| 650 | 0 | _aToxicology. | |
| 650 | 0 | _aHealth risk assessment. | |
| 655 | 7 |
_aElectronic books. _2local |
|
| 690 |
_aElectronic texts _xBiological and medical sciences. |
||
| 700 | 1 |
_aLoveren, Hendrik van, _d1951- |
|
| 710 | 2 | _aWorld Health Organization. | |
| 710 | 2 | _aInternational Program on Chemical Safety. | |
| 710 | 2 | _aInternational Labour Organisation. | |
| 710 | 2 | _aUnited Nations Environment Programme. | |
| 710 | 2 | _aInter-Organization Programme for the Sound Management of Chemicals. | |
| 710 | 2 | _aebrary, Inc. | |
| 830 | 0 |
_aHarmonization Project document ; _vno. 5. |
|
| 856 | 4 | 0 |
_uhttp://site.ebrary.com/lib/rucke/Doc?id=10266344 _zAn electronic book accessible through the World Wide Web; click to view |
| 999 |
_c25565 _d25565 |
||